Le Meilleurs Joueurs par Pays - Statistiques

Statistiques générales
  • Ce quiz a été pris 374 fois
  • Le résultat moyen est 10 sur 20
Statistiques - réponses
Hint Réponse % Correct
🇫🇷 91 Kylian Mbappé
98%
🇦🇷 90 Lionel Messi
94%
🇳🇴 91 Erling Haaland
92%
🇧🇷 89 Neymar Jr / Vinicius Jr / Alisson / Casemiro
85%
🇵🇱 90 Robert Lewandowski
77%
🇪🇬 89 Mohamed Salah
74%
🇳🇱 89 Virgil Van Dijk
61%
🏴󠁧󠁢󠁥󠁮󠁧󠁿 90 Harry Kane
59%
🇸🇳 86 Sadio Mané
50%
🇩🇿 86 Riyad Mahrez
49%
🇧🇪 91 Kevin De Bruyne
43%
🇺🇾 88 Federico Valverde
42%
🇪🇸 89 Rodri
37%
🇵🇹 89 Ruben Dias
35%
🇮🇹 87 Gianluigi Donnarumma
34%
🇦🇹 85 David Alaba
29%
🏴󠁧󠁢󠁳󠁣󠁴󠁿 86 Andrew Robertson
25%
🇩🇪 89 Marc-André Ter Stegen
19%
🇲🇦 85 Yassine Bounou
19%
🇨🇭 87 Gregor Kobel
12%
Aucun quiz correspondant
Distribution des résultats
% des personnes avec chaque résultat
Percentile par nombre de réponses
Votre historique - résultats
Vous n’avez pas pris ce quiz